Market pressures (Record no. 78588)

MARC details
000 -LEADER
fixed length control field 00765cab a22001935a 4500
001 - CONTROL NUMBER
control field L137377
008 - FIXED-LENGTH DATA ELEMENTS--GENERAL INFORMATION
fixed length control field 070403e2007 xxk 000 0 eng d
035 ## - SYSTEM CONTROL NUMBER
System control number (Sirsi) u137377
041 0# - LANGUAGE CODE
Language code of text/sound track or separate title eng
100 1# - MAIN ENTRY--PERSONAL NAME
Personal name Cook, Tim
245 00 - TITLE STATEMENT
Title Market pressures
260 ## - PUBLICATION, DISTRIBUTION, ETC.
Date of publication, distribution, etc. 2007
490 #0 - SERIES STATEMENT
Series statement Premises and Facilities Management
Volume/sequential designation March 2007, 15-18(3)
520 ## - SUMMARY, ETC.
Summary, etc. Reports that salary levels have stagnated across the United Kingdom in the facilities management sector. Discusses salary trends and the pressures on opportunities for careers in the sector. Graphs depict average salaries by job category across the UK and regional variations in average salaries.
590 ## - LOCAL NOTE (RLIN)
Local note KA
651 #4 - SUBJECT ADDED ENTRY--GEOGRAPHIC NAME
Geographic name United Kingdom
Chronological subdivision
690 ## - LOCAL SUBJECT ADDED ENTRY--TOPICAL TERM (OCLC, RLIN)
Topical term or geographic name as entry element MANAGEMENT-FACILITIES MANAGEMENT
942 ## - ADDED ENTRY ELEMENTS (KOHA)
Suppress in OPAC 0
Holdings
Withdrawn status Lost status Source of classification or shelving scheme Damaged status Not for loan Home library Current library Shelving location Date acquired Total Checkouts Full call number Barcode Date last seen Copy number Price effective from Koha item type
    Dewey Decimal Classification     London London Journal article 03/04/2007   L137377 137377-1001 06/08/2019 1 06/08/2019 Journal article